[Event "Staufer op 33rd"]
[Site "Schwaebisch Gmuend"]
[Date "2023.01.02"]
[Round "1"]
[White "Czaeczine, Anne"]
[Black "Vogel, Roven"]
[Result "0-1"]
[WhiteElo "2191"]
[BlackElo "2463"]
[PlyCount "96"]
[EventDate "2023.01.02"]
[EventType "swiss"]
[EventRounds "9"]
[EventCountry "GER"]
[SourceTitle "CBM 212 Extra"]
[Source "ChessBase"]
[SourceDate "2023.03.31"]
[SourceVersion "1"]
[SourceVersionDate "2023.03.31"]
[SourceQuality "1"]

1. e4 c5 2. Nf3 d6 3. d4 cxd4 4. Nxd4 Nf6 5. Nc3 Nc6 6. f3 e5 7. Nb3 Be7 8. Bc4 0-0 9. Be3 a6 10. a4 Nb4 11. Nc1 Be6 12. Nd5 Nbxd5 13. exd5 Nxd5 14. Bxd5 Qa5+ 15. c3 Qxd5 16. Qxd5 Bxd5 17. a5 f5 18. b3 f4 19. Bb6 Bh4+ 20. Bf2 Bf6 21. 0-0 e4 22. fxe4 Bxc3 23. Ra4 Bc6 24. Rc4 Bxa5 25. Rd1 Rae8 26. Rxd6 Bb5 27. Rcd4 Bc3 28. Rd1 Rxe4 29. Nd3 Re2 30. Bc5 Rd2 31. Rxd2 Bxd2 32. Kf2 Re8 33. g3 Be3+ 34. Bxe3 fxe3+ 35. Ke2 Rc8 36. Kxe3 Rc3 37. Ke4 Rxd3 38. Rxd3 Bxd3+ 39. Kxd3 Kf7 40. Kd4 Ke6 41. Kc5 Kd7 42. Kb6 Kc8 43. h3 Kb8 44. g4 g5 45. Kc5 Kc7 46. Kd5 a5 47. Ke5 b5 48. Kf5 a4 0-1

[Event "BL2 Ost 1920 (Women)"]
[Site "Germany"]
[Date "2020.02.15"]
[Round "6.1"]
[White "Czaeczine, Anne"]
[Black "Reizniece Ozola, Dana"]
[Result "1/2-1/2"]
[WhiteElo "2190"]
[BlackElo "2279"]
[PlyCount "169"]
[EventDate "2019.09.14"]
[EventType "team-tourn"]
[EventRounds "7"]
[EventCountry "GER"]
[SourceTitle "EXT 2021"]
[Source "ChessBase"]
[SourceDate "2020.10.23"]
[SourceVersion "1"]
[SourceVersionDate "2020.10.23"]
[SourceQuality "1"]
[WhiteTeam "Chemnitz Aufbau (W)"]
[BlackTeam "Loeberitz (W)"]
[WhiteTeamCountry "GER"]
[BlackTeamCountry "GER"]

1. e4 d6 2. d4 g6 3. Nf3 Bg7 4. Be2 c5 5. dxc5 Qa5+ 6. c3 Qxc5 7. Be3 Qc7 8. 0-0 Nf6 9. Na3 a6 10. Nc4 Nbd7 11. e5 dxe5 12. Nfxe5 b5 13. Nxd7 Nxd7 14. Bf3 Rb8 15. Nd2 0-0 16. g3 Ne5 17. Be4 f5 18. Bg2 Ng4 19. Qb3+ Kh8 20. Rae1 e5 21. Nf3 Bb7 22. Bc1 Rbe8 23. Ng5 Bxg2 24. Kxg2 h6 25. h3 Nf6 26. Nf3 Qb7 27. Qd1 Ne4 28. Qe2 Rd8 29. Kh2 Rd7 30. Rd1 Rfd8 31. Rxd7 Qxd7 32. a4 Qd5 33. axb5 axb5 34. Be3 g5 35. Re1 Re8 36. Nxg5 Nf6 37. Nf3 f4 38. Bc1 e4 39. Nh4 fxg3+ 40. fxg3 Rd8 41. Ng6+ Kh7 42. Nf4 Qc6 43. Nh5 Nxh5 44. Qxh5 Rf8 45. Qe2 Re8 46. Be3 Rd8 47. Rf1 Qd5 48. Re1 Rd6 49. Bf4 Re6 50. Rd1 Qc6 51. Qe3 b4 52. cxb4 Bxb2 53. Qa7+ Bg7 54. Rd2 Qc3 55. Qa2 e3 56. Re2 Qd3 57. b5 Qxb5 58. Qc2+ Kg8 59. Rxe3 Rxe3 60. Bxe3 Qd5 61. h4 h5 62. Bg5 Qf3 63. Bf4 Kf7 64. Qf5+ Kg8 65. Qe6+ Kh7 66. Qa2 Kg6 67. Qc2+ Kf7 68. Qd2 Kg6 69. Bd6 Kf7 70. Qa2+ Kg6 71. Qe6+ Kh7 72. Bc5 Qd1 73. Qf5+ Kg8 74. Bf2 Qe2 75. Kg1 Qd1+ 76. Kg2 Qe2 77. Qd5+ Kh7 78. Kg1 Qg4 79. Qd3+ Kg8 80. Bc5 Kf7 81. Kf2 Kg8 82. Qd5+ Kh7 83. Qf7 Qg6 84. Qc4 Be5 85. Qb3 1/2-1/2

[Event "BL2 Ost 1920 (Women)"]
[Site "Germany"]
[Date "2019.12.15"]
[Round "4.1"]
[White "Czaeczine, Anne"]
[Black "Lowke, Kathrin"]
[Result "1-0"]
[WhiteElo "2190"]
[BlackElo "1840"]
[PlyCount "61"]
[EventDate "2019.09.14"]
[EventType "team-tourn"]
[EventRounds "7"]
[EventCountry "GER"]
[SourceTitle "EXT 2021"]
[Source "ChessBase"]
[SourceDate "2020.10.23"]
[SourceVersion "1"]
[SourceVersionDate "2020.10.23"]
[SourceQuality "1"]
[WhiteTeam "Chemnitz Aufbau (W)"]
[BlackTeam "Leipzig Lindenau (W)"]
[WhiteTeamCountry "GER"]
[BlackTeamCountry "GER"]

1. e4 c5 2. Nf3 e6 3. d4 cxd4 4. Nxd4 a6 5. Bd3 Qc7 6. Qe2 Nc6 7. Nxc6 bxc6 8. e5 d5 9. 0-0 Ne7 10. Bf4 Qb6 11. c3 a5 12. Be3 c5 13. Na3 Nc6 14. f4 Rb8 15. Nb5 Na7 16. a4 Bd7 17. f5 Nxb5 18. fxe6 Qxe6 19. axb5 g6 20. c4 d4 21. Bf4 Bg7 22. Be4 0-0 23. Rxa5 Rb6 24. Ra7 Qg4 25. Qe1 Qe6 26. h3 Qe8 27. Qa5 Qd8 28. Rxd7 Qxd7 29. Qxb6 Qe7 30. Qd6 Qa7 31. b6 1-0

[Event "BL2 Sued 1516 (Women)"]
[Site "Germany"]
[Date "2015.09.27"]
[Round "2.1"]
[White "Czaeczine, Anne"]
[Black "Roessler, Ulrike"]
[Result "1-0"]
[WhiteElo "2175"]
[BlackElo "2112"]
[PlyCount "109"]
[EventDate "2015.09.26"]
[EventType "team-tourn"]
[EventRounds "7"]
[EventCountry "GER"]
[SourceTitle "EXT 2017"]
[Source "ChessBase"]
[SourceDate "2016.10.25"]
[SourceVersion "1"]
[SourceVersionDate "2016.10.25"]
[SourceQuality "1"]
[WhiteTeam "Chemnitz Aufbau (W)"]
[BlackTeam "Hofheim (W)"]
[WhiteTeamCountry "GER"]
[BlackTeamCountry "GER"]

1. e4 d6 2. d4 Nf6 3. Nc3 g6 4. f4 Bg7 5. Nf3 c5 6. Bb5+ Bd7 7. e5 Ng4 8. Bxd7+ Qxd7 9. h3 cxd4 10. Qxd4 Nh6 11. g4 f5 12. exf6 Bxf6 13. Qe4 Na6 14. Bd2 Nc5 15. Qe2 Nf7 16. 0-0-0 0-0-0 17. Nd5 Qa4 18. Kb1 Kb8 19. Rhe1 Rhe8 20. b3 Qd7 21. Be3 Bg7 22. Bd4 e5 23. Bxc5 exf4 24. Bxa7+ Kxa7 25. Qf2+ Kb8 26. Nxf4 Ne5 27. Nxe5 Bxe5 28. Nd5 Qg7 29. Rd3 Rf8 30. Rf3 Rxf3 31. Qxf3 Rf8 32. Qe2 Qf7 33. Qc4 Rc8 34. Qe4 Qf2 35. Rc1 Rf8 36. c3 Rf3 37. Rc2 Qf1+ 38. Kb2 Qxh3 39. Qa4 Rf8 40. Nb6 Kc7 41. Nd5+ Kb8 42. Nb6 Kc7 43. Qa5 Kc6 44. Nc4 Qf3 45. Nxe5+ dxe5 46. Qxe5 h5 47. Rd2 Rf6 48. Rd4 Kb6 49. b4 Qf2+ 50. Kb3 Ka7 51. b5 Kb6 52. Rd7 Qf3 53. a4 Rf8 54. Qd4+ Ka5 55. Qa7# 1-0

[Event "BL2 Ost 1314 (Women)"]
[Site "Germany"]
[Date "2014.03.09"]
[Round "7.1"]
[White "Mueller Ludwig, Kristin"]
[Black "Czaeczine, Anne"]
[Result "0-1"]
[WhiteElo "2115"]
[BlackElo "2166"]
[PlyCount "72"]
[EventDate "2013.11.30"]
[EventType "team-tourn"]
[EventRounds "7"]
[EventCountry "GER"]
[SourceTitle "EXT 2018"]
[Source "ChessBase"]
[SourceDate "2017.10.13"]
[SourceVersion "1"]
[SourceVersionDate "2017.10.13"]
[SourceQuality "1"]
[WhiteTeam "Erfurt Medizin (W)"]
[BlackTeam "Chemnitz Aufbau (W)"]
[WhiteTeamCountry "GER"]
[BlackTeamCountry "GER"]

1. e4 c5 2. Nf3 d6 3. d4 cxd4 4. Nxd4 Nf6 5. Nc3 a6 6. Be3 e6 7. f3 b5 8. g4 Nfd7 9. Qd2 Nb6 10. 0-0-0 Bb7 11. Nb3 N8d7 12. Na5 Rb8 13. Nxb7 Rxb7 14. Bf4 Nc8 15. Kb1 Be7 16. Qg2 Qa5 17. g5 Nc5 18. Bd3 Nb6 19. Bc1 Nba4 20. Nxa4 Nxa4 21. f4 b4 22. Bc4 0-0 23. f5 Rc8 24. Bb3 Nc5 25. fxe6 Nxe6 26. Bxe6 fxe6 27. Qg4 Kh8 28. Qxe6 Qc5 29. Qb3 Rbc7 30. Rd2 Qxg5 31. Rhd1 Qc5 32. Rg2 Qc4 33. Qg3 Bf6 34. Rxd6 Qxe4 35. Bh6 Be5 36. Bxg7+ Rxg7 0-1

[Event "BL2 Ost 1314 (Women)"]
[Site "Germany"]
[Date "2014.02.15"]
[Round "4.1"]
[White "Daemering, Katrin"]
[Black "Czaeczine, Anne"]
[Result "1-0"]
[WhiteElo "2050"]
[BlackElo "2166"]
[PlyCount "81"]
[EventDate "2013.11.30"]
[EventType "team-tourn"]
[EventRounds "7"]
[EventCountry "GER"]
[SourceTitle "EXT 2018"]
[Source "ChessBase"]
[SourceDate "2017.10.13"]
[SourceVersion "1"]
[SourceVersionDate "2017.10.13"]
[SourceQuality "1"]
[WhiteTeam "Leipzig Lindenau (W)"]
[BlackTeam "Chemnitz Aufbau (W)"]
[WhiteTeamCountry "GER"]
[BlackTeamCountry "GER"]

1. e4 c5 2. Nf3 d6 3. d4 cxd4 4. Nxd4 Nf6 5. Nc3 a6 6. Bg5 e6 7. f4 Be7 8. Qf3 Qa5 9. 0-0-0 Bd7 10. f5 Nc6 11. Bxf6 Bxf6 12. fxe6 fxe6 13. Nb3 Qc7 14. Qd3 Be5 15. a3 b5 16. Kb1 0-0 17. Be2 Rfc8 18. Na2 a5 19. Bg4 Rab8 20. Nc5 b4 21. Na6 Qb7 22. Nxb8 bxa3 23. Qxa3 Rxb8 24. c3 Na7 25. Ka1 Qxe4 26. Bf3 Qc4 27. Rhe1 Ba4 28. Re4 Qxe4 29. Bxe4 Bxd1 30. Qxa5 d5 31. Bxd5 exd5 32. Qxd5+ Kh8 33. Qxe5 Nc6 34. Qe4 Rc8 35. Qe6 Rd8 36. Qxc6 Bb3 37. Nc1 Bd5 38. Qa4 Ra8 39. Qxa8+ Bxa8 40. g3 g5 41. b4 1-0

[Event "BL2 Mitte 1011 (Women)"]
[Site "Germany"]
[Date "2011.01.09"]
[Round "5.1"]
[White "Skibbe, Diana"]
[Black "Czaeczine, Anne"]
[Result "0-1"]
[WhiteElo "2121"]
[BlackElo "2186"]
[PlyCount "114"]
[EventDate "2010.11.06"]
[EventType "team-tourn"]
[EventRounds "7"]
[EventCountry "GER"]
[SourceTitle "EXT 2012"]
[Source "ChessBase"]
[SourceDate "2011.11.24"]
[SourceVersion "1"]
[SourceVersionDate "2011.11.24"]
[SourceQuality "1"]
[WhiteTeam "Zeulenroda (W)"]
[BlackTeam "Chemnitz (W)"]
[WhiteTeamCountry "GER"]
[BlackTeamCountry "GER"]

1. e4 c5 2. Nc3 d6 3. g3 Nc6 4. Bg2 g6 5. d3 Bg7 6. Nge2 e5 7. Be3 Nge7 8. Qd2 Be6 9. Bh6 0-0 10. 0-0 d5 11. Bxg7 Kxg7 12. exd5 Nxd5 13. f4 f6 14. Rae1 Qd7 15. Ne4 b6 16. fxe5 fxe5 17. Ng5 Bg8 18. Nc3 Rae8 19. Nce4 Nd4 20. c3 Nc6 21. Nf2 Nf6 22. Bh3 Qd8 23. a3 c4 24. Bg2 Na5 25. Rd1 cxd3 26. Nxd3 Nc4 27. Qc2 Qc7 28. Nf2 Rd8 29. Bh3 Qe7 30. Nge4 Nxe4 31. Nxe4 Rxf1+ 32. Rxf1 Bd5 33. Nf6 Qc5+ 34. Qf2 Nxb2 35. Qxc5 bxc5 36. Nd7 Nd3 37. Rb1 e4 38. Kf1 Bc4 39. Kg2 Bd5 40. Kf1 Bc4 41. Kg2 e3 42. Kf3 e2 43. Kxe2 Nf4+ 44. Ke3 Nxh3 45. Rb7 Re8+ 46. Kd2 Re2+ 47. Kc1 Bd5 48. Rxa7 Re7 49. Rc7 Kh6 50. c4 Be6 51. Rxc5 Rxd7 52. a4 Nf2 53. Kc2 Rd3 54. a5 Bf5 55. Kb2 Nd1+ 56. Kc1 Ne3 57. Kb2 Be6 0-1

[Event "BL2 Mitte 1011 (Women)"]
[Site "Germany"]
[Date "2010.12.05"]
[Round "4.1"]
[White "Czaeczine, Anne"]
[Black "Gasch, Franziska"]
[Result "1-0"]
[WhiteElo "2186"]
[BlackElo "2011"]
[PlyCount "117"]
[EventDate "2010.11.06"]
[EventType "team-tourn"]
[EventRounds "7"]
[EventCountry "GER"]
[SourceTitle "EXT 2012"]
[Source "ChessBase"]
[SourceDate "2011.11.24"]
[SourceVersion "1"]
[SourceVersionDate "2011.11.24"]
[SourceQuality "1"]
[WhiteTeam "Chemnitz (W)"]
[BlackTeam "Leipzig Lindenau (W)"]
[WhiteTeamCountry "GER"]
[BlackTeamCountry "GER"]

1. e4 c5 2. Nf3 Nc6 3. d4 cxd4 4. Nxd4 Nf6 5. Nc3 e5 6. Ndb5 d6 7. Bg5 a6 8. Na3 b5 9. Bxf6 gxf6 10. Nd5 f5 11. c3 fxe4 12. Bxb5 Bd7 13. Ba4 Rb8 14. Qe2 Qg5 15. Qxe4 f5 16. h4 Qg6 17. h5 Qg5 18. Qh4 Qxh4 19. Rxh4 Kd8 20. Nc4 Ne7 21. Bxd7 Kxd7 22. 0-0-0 Nxd5 23. Rxd5 Ke6 24. Ra5 Bh6+ 25. Kc2 Bg5 26. Rh3 Rhc8 27. b3 Rc6 28. Rd3 Rg8 29. g3 Be7 30. Re3 Bd8 31. Nxe5 dxe5 32. Rexe5+ Kd7 33. Rad5+ Rd6 34. Rxf5 Rxd5 35. Rxd5+ Kc6 36. Rf5 Rg7 37. Kd3 Bb6 38. a4 Rd7+ 39. Kc4 Re7 40. Rf6+ Kb7 41. b4 Bc7 42. Rf5 Be5 43. Kb3 Kc7 44. g4 Kd6 45. f4 Bg7 46. Ra5 Re3 47. Rxa6+ Kd5 48. Ra5+ Ke4 49. Rc5 Kxf4 50. g5 Be5 51. g6 hxg6 52. hxg6 Rg3 53. Rc6 Kf5 54. a5 Bf6 55. b5 Rxg6 56. b6 Rg8 57. a6 Be5 58. a7 Ra8 59. Rc5 1-0

[Event "BL 0708 (Women)"]
[Site "Germany"]
[Date "2008.04.12"]
[Round "10.3"]
[White "Steinbacher, Claudia"]
[Black "Czaeczine, Anne"]
[Result "0-1"]
[WhiteElo "2199"]
[BlackElo "2170"]
[PlyCount "84"]
[EventDate "2007.11.10"]
[EventType "team-tourn"]
[EventRounds "11"]
[EventCountry "GER"]
[SourceTitle "EXT 2009"]
[Source "ChessBase"]
[SourceDate "2008.11.26"]
[SourceVersion "1"]
[SourceVersionDate "2008.11.26"]
[SourceQuality "1"]
[WhiteTeam "Rodewisch (W)"]
[BlackTeam "Grosslehna (W)"]
[WhiteTeamCountry "GER"]
[BlackTeamCountry "GER"]

1. d4 Nf6 2. c4 g6 3. Nc3 d5 4. Nf3 Bg7 5. Qb3 dxc4 6. Qxc4 Na6 7. g3 0-0 8. Bg2 c5 9. dxc5 Qa5 10. 0-0 Be6 11. Qb5 Qxb5 12. Nxb5 Bc4 13. Nc3 Nxc5 14. Ne5 Be6 15. Be3 Rac8 16. Bxc5 Rxc5 17. Nd3 Ra5 18. a3 Nd5 19. Nxd5 Bxd5 20. Rac1 e5 21. e4 Bc6 22. Rc3 f5 23. b4 Rb5 24. f3 Rb6 25. Rc5 Bb5 26. Rd1 Ba4 27. Re1 fxe4 28. fxe4 Re8 29. Nb2 Bd7 30. Nc4 Rc6 31. Rxc6 Bxc6 32. b5 Bd7 33. Nd6 Re6 34. Rd1 Bf8 35. Nxb7 Bxb5 36. Rd8 Re8 37. Rd1 Bxa3 38. Ra1 Bb2 39. Rb1 Bd4+ 40. Kh1 Bd3 41. Rd1 Be2 42. Re1 Ba6 0-1

[Event "BL 0708 (Women)"]
[Site "Germany"]
[Date "2007.11.11"]
[Round "2.3"]
[White "Czaeczine, Anne"]
[Black "Koepke, Elena"]
[Result "1-0"]
[WhiteElo "2184"]
[BlackElo "2318"]
[PlyCount "169"]
[EventDate "2007.11.10"]
[EventType "team-tourn"]
[EventRounds "11"]
[EventCountry "GER"]
[SourceTitle "EXT 2009"]
[Source "ChessBase"]
[SourceDate "2008.11.26"]
[SourceVersion "1"]
[SourceVersionDate "2008.11.26"]
[SourceQuality "1"]
[WhiteTeam "Grosslehna (W)"]
[BlackTeam "Leipzig WBA (W)"]
[WhiteTeamCountry "GER"]
[BlackTeamCountry "GER"]

1. e4 e5 2. Nf3 Nf6 3. Nc3 Nc6 4. d4 exd4 5. Nxd4 Bb4 6. Nxc6 bxc6 7. Bd3 0-0 8. 0-0 d5 9. exd5 cxd5 10. Bg5 c6 11. Qf3 Bd6 12. Rae1 Rb8 13. Nd1 h6 14. Bxf6 Qxf6 15. Qxf6 gxf6 16. b3 f5 17. Ne3 f4 18. Nf5 Bxf5 19. Bxf5 a5 20. g3 Kg7 21. Kg2 Rfd8 22. Rd1 Kf6 23. Bg4 a4 24. Rd2 Bc7 25. Rfd1 Rb6 26. Bf3 Rdb8 27. Re2 Rd8 28. Rd4 axb3 29. cxb3 Ra8 30. Rc2 Be5 31. Rd1 Ke6 32. Bg4+ Kd6 33. Kf3 Rb4 34. Bh5 Ra7 35. Ke2 c5 36. Bf3 d4 37. Rdc1 Rc7 38. Kd3 Rb5 39. Be2 Ra5 40. Ke4 fxg3 41. hxg3 Re7 42. Kf3 Bg7 43. a4 Re5 44. Bc4 Ra7 45. Re2 f6 46. Rh1 Ra8 47. Rh4 Rxe2 48. Bxe2 f5 49. Rh5 Ke6 50. Bc4+ Kf6 51. Bd3 Rb8 52. Rxf5+ Ke6 53. Ke4 Kd6 54. Bb5 Bf8 55. Rf6+ Kc7 56. g4 Rd8 57. Kd3 Bd6 58. Rxh6 Rf8 59. Ke2 Rf7 60. a5 Bf8 61. Rc6+ Kb7 62. Rb6+ Ka7 63. Bc4 Re7+ 64. Kf3 Rd7 65. Bd3 Bd6 66. Bf5 Rd8 67. Rc6 Kb7 68. Be4 Ka7 69. a6 Rf8+ 70. Bf5 Ra8 71. Ke4 Bb8 72. Kd3 Bd6 73. f3 Bf8 74. Rc8 Rxc8 75. Bxc8 Bh6 76. Kc4 Kb6 77. Bb7 Be3 78. Be4 Kxa6 79. Kxc5 d3+ 80. Kd5 d2 81. Bc2 Kb5 82. Ke4 Bh6 83. f4 Kb4 84. g5 Kc3 85. Bd1 1-0

[Event "BL 0708 (Women)"]
[Site "Germany"]
[Date "2007.11.10"]
[Round "1.3"]
[White "Beltz, Franziska"]
[Black "Czaeczine, Anne"]
[Result "1/2-1/2"]
[WhiteElo "2077"]
[BlackElo "2184"]
[PlyCount "46"]
[EventDate "2007.11.10"]
[EventType "team-tourn"]
[EventRounds "11"]
[EventCountry "GER"]
[SourceTitle "EXT 2009"]
[Source "ChessBase"]
[SourceDate "2008.11.26"]
[SourceVersion "1"]
[SourceVersionDate "2008.11.26"]
[SourceQuality "1"]
[WhiteTeam "Leipzig Gohlis (W)"]
[BlackTeam "Grosslehna (W)"]
[WhiteTeamCountry "GER"]
[BlackTeamCountry "GER"]

1. e4 c5 2. Nf3 d6 3. d4 cxd4 4. Nxd4 Nf6 5. Nc3 a6 6. Bg5 e6 7. f4 Nbd7 8. Qf3 Qc7 9. 0-0-0 b5 10. e5 Bb7 11. Qh3 dxe5 12. Nxe6 fxe6 13. Qxe6+ Be7 14. Bxb5 axb5 15. Nxb5 Qc6 16. Nd6+ Kd8 17. fxe5 Kc7 18. Qxe7 Rxa2 19. Bxf6 Ra1+ 20. Kd2 Qd5+ 21. Ke2 Qxg2+ 22. Kd3 Qf3+ 23. Kd2 Qd5+ 1/2-1/2

[Event "Berlin Unicorn op"]
[Site "Berlin"]
[Date "2007.05.18"]
[Round "4"]
[White "Bachran, Boris"]
[Black "Czaeczine, Anne"]
[Result "1-0"]
[WhiteElo "1880"]
[BlackElo "2184"]
[PlyCount "139"]
[EventDate "2007.05.16"]
[EventType "swiss"]
[EventRounds "7"]
[EventCountry "GER"]
[SourceTitle "CBM 118 Extra"]
[Source "ChessBase"]
[SourceDate "2007.07.04"]
[SourceVersion "1"]
[SourceVersionDate "2007.07.04"]
[SourceQuality "1"]

1. d4 Nf6 2. Nf3 g6 3. Bf4 Bg7 4. e3 c5 5. c3 cxd4 6. exd4 d5 7. Bxb8 Rxb8 8. Qa4+ Bd7 9. Qxa7 0-0 10. Qa3 Ne4 11. Be2 Qb6 12. Qb3 Qd6 13. 0-0 Ra8 14. a3 Bh6 15. Qc2 Qb6 16. Nbd2 Ba4 17. b3 Bd7 18. Nxe4 Bf5 19. Bd3 dxe4 20. Bxe4 Bxe4 21. Qxe4 Qxb3 22. Qxe7 Qxc3 23. Qxb7 Rxa3 24. Rxa3 Qxa3 25. Qd7 Bf4 26. Qg4 Qd6 27. Qh4 h5 28. g3 Bh6 29. Qe4 Bg7 30. d5 Rd8 31. Rd1 Bf6 32. h4 Kf8 33. Qe3 Re8 34. Qh6+ Bg7 35. Qd2 Bf6 36. Qd3 Rd8 37. Ne1 Rc8 38. Ng2 Rc3 39. Qd2 Rc4 40. Qh6+ Bg7 41. Qe3 Bf6 42. Qf3 Kg7 43. Ne3 Ra4 44. Qxh5 Qxg3+ 45. fxg3 gxh5 46. Kg2 Kf8 47. Rf1 Re4 48. Rxf6 Rxe3 49. Rf5 Rd3 50. Rxh5 Kg7 51. Rf5 Kg6 52. Rg5+ Kh6 53. Re5 Kg6 54. h5+ Kf6 55. h6 Kg6 56. Rh5 Kh7 57. Kh3 Rd4 58. g4 Rd3+ 59. Kh4 Rd4 60. Kg3 Rd3+ 61. Kf4 Rd4+ 62. Kf3 Ra4 63. g5 Rd4 64. Ke3 Rg4 65. d6 Ra4 66. Rh1 Ra5 67. Rd1 Ra8 68. d7 Rd8 69. Kf4 Kg6 70. Rd6+ 1-0

[Event "Berlin op 05"]
[Site "Berlin"]
[Date "2006.05.28"]
[Round "7"]
[White "Springer, Guido"]
[Black "Czaeczine, Anne"]
[Result "0-1"]
[WhiteElo "1736"]
[BlackElo "2151"]
[PlyCount "46"]
[EventDate "2006.05.24"]
[EventType "swiss"]
[EventRounds "7"]
[EventCountry "GER"]
[SourceTitle "EXT 2007"]
[Source "ChessBase"]
[SourceDate "2006.11.23"]
[SourceVersion "1"]
[SourceVersionDate "2006.11.23"]
[SourceQuality "1"]

1. e4 c5 2. Nf3 d6 3. d4 cxd4 4. Nxd4 Nf6 5. Nc3 a6 6. f3 e6 7. Be3 b5 8. Qd2 Nbd7 9. g4 Nb6 10. 0-0-0 Nfd7 11. f4 b4 12. Nb1 Bb7 13. Bd3 Rc8 14. Qe2 Nc5 15. Nd2 Nxd3+ 16. Qxd3 Nd7 17. N4f3 Qc7 18. e5 Bd5 19. exd6 Bxd6 20. Ne4 Bxf4 21. Bxf4 Qxf4+ 22. Nfd2 Qc7 23. Rhf1 Ne5 0-1

[Event "Berlin op 05"]
[Site "Berlin"]
[Date "2006.05.26"]
[Round "4"]
[White "Czaeczine, Anne"]
[Black "Schoenberger, Kay"]
[Result "1-0"]
[WhiteElo "2151"]
[BlackElo "1738"]
[PlyCount "45"]
[EventDate "2006.05.24"]
[EventType "swiss"]
[EventRounds "7"]
[EventCountry "GER"]
[SourceTitle "EXT 2007"]
[Source "ChessBase"]
[SourceDate "2006.11.23"]
[SourceVersion "1"]
[SourceVersionDate "2006.11.23"]
[SourceQuality "1"]

1. e4 c5 2. Nf3 d6 3. d4 cxd4 4. Nxd4 Nf6 5. Nc3 a6 6. Bg5 e6 7. f4 Be7 8. Qf3 Qc7 9. 0-0-0 Nbd7 10. Bd3 b5 11. Rhe1 b4 12. Nd5 exd5 13. Nf5 Bf8 14. e5 dxe5 15. fxe5 Nxe5 16. Nxg7+ Bxg7 17. Bxf6 Kf8 18. Bxg7+ Kxg7 19. Qg3+ Bg4 20. Rxe5 Kf8 21. Re8+ Rxe8 22. Qxc7 Bxd1 23. Kxd1 1-0

[Event "Berlin op 05"]
[Site "Berlin"]
[Date "2006.05.24"]
[Round "1"]
[White "Czaeczine, Anne"]
[Black "Kohl, Ingo"]
[Result "1-0"]
[WhiteElo "2151"]
[BlackElo "1624"]
[PlyCount "67"]
[EventDate "2006.05.24"]
[EventType "swiss"]
[EventRounds "7"]
[EventCountry "GER"]
[SourceTitle "EXT 2007"]
[Source "ChessBase"]
[SourceDate "2006.11.23"]
[SourceVersion "1"]
[SourceVersionDate "2006.11.23"]
[SourceQuality "1"]

1. e4 c5 2. Nf3 d6 3. d4 cxd4 4. Nxd4 Nf6 5. Nc3 Nc6 6. Bg5 e5 7. Ndb5 a6 8. Na3 b5 9. Bxf6 gxf6 10. Nd5 f5 11. c3 Bg7 12. exf5 Bxf5 13. Nc2 Rc8 14. Nce3 Bg6 15. a4 Rb8 16. axb5 axb5 17. Ra6 Qc8 18. Bxb5 Rxb5 19. Qa4 Qb7 20. Qxb5 Qxb5 21. Nc7+ Kd7 22. Nxb5 Rb8 23. c4 Bd3 24. b3 Nd4 25. Rxd6+ Ke7 26. Nd5+ Kf8 27. Nxd4 exd4 28. Kd2 Be4 29. f3 Bf5 30. Re1 Ra8 31. Nb4 Kg8 32. Ra6 Rb8 33. Nc6 Bh6+ 34. Kd1 1-0

[Event "BL 0506 (Women)"]
[Site "Germany"]
[Date "2006.02.12"]
[Round "7.1"]
[White "Czaeczine, Anne"]
[Black "Espig, Gesine"]
[Result "1-0"]
[WhiteElo "2186"]
[BlackElo "1964"]
[PlyCount "41"]
[EventDate "2005.10.29"]
[EventType "team-tourn"]
[EventRounds "11"]
[EventCountry "GER"]
[SourceTitle "EXT 2007"]
[Source "ChessBase"]
[SourceDate "2006.11.23"]
[SourceVersion "1"]
[SourceVersionDate "2006.11.23"]
[SourceQuality "1"]
[WhiteTeam "Grosslehna (W)"]
[BlackTeam "Zeulenroda"]
[WhiteTeamCountry "GER"]
[BlackTeamCountry "GER"]

1. e4 c5 2. Nf3 d6 3. d4 cxd4 4. Nxd4 Nf6 5. Nc3 a6 6. Bg5 e6 7. f4 Be7 8. Qf3 Qc7 9. 0-0-0 Nbd7 10. Bd3 b5 11. Rhe1 Bb7 12. Qg3 h6 13. Bh4 Bf8 14. e5 g5 15. exf6 gxh4 16. Nxe6 fxe6 17. Rxe6+ Kd8 18. Qg6 Qc5 19. Be4 Kc7 20. Bxb7 Kxb7 21. Ne4 1-0

[Event "Hamburg Junge op"]
[Site "Hamburg"]
[Date "2005.10.07"]
[Round "7"]
[White "Reddmann, Hauke"]
[Black "Czaeczine, Anne"]
[Result "1/2-1/2"]
[WhiteElo "2319"]
[BlackElo "2186"]
[PlyCount "132"]
[EventDate "2005.10.01"]
[EventType "swiss"]
[EventRounds "9"]
[EventCountry "GER"]
[SourceTitle "CBM 108 Extra"]
[Source "ChessBase"]
[SourceDate "2005.11.04"]
[SourceVersion "1"]
[SourceVersionDate "2005.11.04"]
[SourceQuality "1"]

1. d4 Nf6 2. Bg5 g6 3. Bxf6 exf6 4. e3 Bg7 5. Nf3 d5 6. c4 dxc4 7. Bxc4 0-0 8. Nc3 c6 9. 0-0 Nd7 10. Rc1 Nb6 11. Bb3 Re8 12. h3 f5 13. Ne2 Nd5 14. Bxd5 Qxd5 15. b3 Qa5 16. Qc2 Be6 17. Nf4 Rad8 18. Rfd1 Bd5 19. Nxd5 Rxd5 20. Qb1 Qb4 21. g3 Qe7 22. b4 Bf8 23. a3 a5 24. Rc5 Qe4 25. Rxd5 Qxd5 26. Ne1 axb4 27. axb4 Ra8 28. Rd2 Ra3 29. Rd3 Ra4 30. Rb3 Ra1 31. Qxa1 Qxb3 32. Qa8 Qb1 33. Kf1 Kg7 34. Qxb7 Bxb4 35. Kg2 Qxe1 36. Qxc6 Qc3 37. Qd5 Qc7 38. h4 Qe7 39. Kf3 h5 40. Qc6 Qe4+ 41. Qxe4 fxe4+ 42. Kxe4 Kf6 43. Kf4 Ke6 44. e4 Bd2+ 45. Kf3 f5 46. Ke2 Bc3 47. Kd3 Ba5 48. Ke3 fxe4 49. Kxe4 Bc7 50. Kf3 Kf5 51. d5 Bd8 52. Kg2 Ke4 53. f3+ Ke3 54. d6 Bf6 55. d7 Bd8 56. f4 Ke4 57. Kh3 Kf5 58. Kg2 Kg4 59. Kh2 Kf5 60. Kg2 Kg4 61. Kh2 Kf5 62. Kg2 Ke6 63. Kf3 Kxd7 64. g4 hxg4+ 65. Kxg4 Ke6 66. h5 gxh5+ 1/2-1/2

[Event "BL 0405 (Women)"]
[Site "Germany"]
[Date "2004.11.07"]
[Round "2.2"]
[White "Rudolph, Anna"]
[Black "Czaeczine, Anne"]
[Result "0-1"]
[WhiteElo "2244"]
[BlackElo "2185"]
[PlyCount "120"]
[EventDate "2004.11.06"]
[EventType "team-tourn"]
[EventRounds "11"]
[EventCountry "GER"]
[SourceTitle "EXT 2006"]
[Source "ChessBase"]
[SourceDate "2005.11.24"]
[SourceVersion "1"]
[SourceVersionDate "2005.11.24"]
[SourceQuality "1"]
[WhiteTeam "Karlsruhe (W)"]
[BlackTeam "Grosslehna (W)"]
[WhiteTeamCountry "GER"]
[BlackTeamCountry "GER"]

1. e4 c5 2. Nf3 d6 3. d4 cxd4 4. Nxd4 Nf6 5. Nc3 a6 6. Be3 e6 7. f3 b5 8. g4 Nfd7 9. Qd2 Nb6 10. 0-0-0 Bb7 11. Nb3 N8d7 12. Na5 Rb8 13. a3 Ba8 14. h4 d5 15. b4 Rc8 16. exd5 Nxd5 17. Nxd5 Bxd5 18. Rh3 Qc7 19. Kb1 Be7 20. Bd4 Bf6 21. Bxf6 Nxf6 22. h5 h6 23. Rc1 Ke7 24. Be2 Rhd8 25. Qe3 Qc3 26. Qxc3 Rxc3 27. Kb2 Re3 28. Rh2 Rc8 29. f4 Bf3 30. Bxf3 Rxf3 31. g5 Ng4 32. Rd2 Rxf4 33. gxh6 gxh6 34. Rcd1 Nf6 35. Nb3 Nd5 36. Re1 Rf5 37. Rh1 Ne3 38. Na5 Nc4+ 39. Nxc4 Rxc4 40. Rhd1 Rxh5 41. Rd7+ Kf6 42. R7d6 Rg5 43. Rxa6 h5 44. Rd2 h4 45. Rb6 h3 46. Rh2 Rh4 47. Rd6 Rg2 48. Rh1 h2 49. Rdd1 Rhg4 50. Rd3 Rc4 51. Rc3 Rh4 52. Rf3+ Ke7 53. Rff1 Rhg4 54. Ra1 f5 55. Ra2 f4 56. a4 bxa4 57. Rxa4 f3 58. Ra7+ Kf6 59. Ra8 Rxb4+ 60. Kc3 Rh4 0-1